000 00872cam a22002773a 4500
001 28859
003 PGUSA
005 20140828083626.0
008 090518s2009||||xxu|||||s|||||000 | eng d
040 _aPGUSA
_beng
042 _adc
050 4 _aE300
100 1 _aMarshall, John,
_d1755-1835
245 1 4 _aThe Life Of George Washington :
_bA Linked Index to the Project Gutenberg Editions
_h[electronic resource] /
_cJohn Marshall
260 _bProject Gutenberg,
_c2009
506 _aPublic domain in the USA.
516 _aElectronic text
653 _aIndexes
653 _aGenerals -- United States -- Biography
653 _aPresidents -- United States -- Biography
653 _aWashington, George, 1732-1799
700 1 _aWidger, David,
_d1932-
830 0 _aProject Gutenberg
_v28859
856 4 0 _uhttp://www.gutenberg.org/ebooks/28859
942 _cEB
999 _c258114
_d258114